• 首页
  • 本馆介绍
  • 公告通知
  • 最新文献
  • 馆藏检索
  • 电子资源
  • 读者导购
  • 参考咨询
  • 我的图书馆
  • 登录
  • 详细信息显示
  • 放入我的书架
  • 预约/预借图书
  • 作者相关作品
  • 分类相关作品
  • 丛书相关作品
  • 出版社相关作品

书目信息

  • 表格格式
  • 工作单格式
  • 卡片格式
题名:
燃烧与爆炸
    
 
作者: 胡双启 主编
分册:  
出版信息: 北京   北京理工大学出版社  2015.5
页数: 218页
开本: 26cm
丛书名:
单 册:
中图分类: O643.2
科图分类:
主题词: 燃烧理论--研究 , 爆炸--理论研究
电子资源:
ISBN: 978-7-5682-0553-5
000 01046nam0 2200253 450
001 0400002751
005 20171021135744.0
010    @a978-7-5682-0553-5@dCNY39.00
100    @a20150920e2015 em y0chiy50 ea
101 0  @achi
102    @aCN@b110000
105    @ak z 000yy
106    @ar
200 1  @a燃烧与爆炸@9ran shao yu bao zha@dCombustion and explosion@f胡双启主编@zeng
210    @a北京@c北京理工大学出版社@d2015.5
215    @a218页@c表@d26cm
330    @a本书从安全技术角度出发,系统地介绍了各类燃爆危险性物质燃烧和爆炸的基本理论。主要内容包括:可燃性混合气体、分解爆炸性气体、液化气体的燃烧与爆炸,可燃液体和固体的燃烧,可燃粉尘的燃烧与爆炸,爆炸性物质的燃烧与爆炸,自燃性物质的热自燃与热爆炸,忌水性物质和混合危险性物质的燃烧与爆炸等。同时,还就有关火灾和爆炸的安全防范技术做了较为详尽的介绍。
510 1  @aCombustion and explosion@zeng
606 0  @a燃烧理论@x研究
606 0  @a爆炸@x理论研究
690    @aO643.2@v5
701  0 @a胡双启@9hu shuang qi@4主编
801  0 @aCN@b91MARC@c20171021
905    @b1021683-7@dO643.2@f5@e71
    
    燃烧与爆炸=Combustion and explosion/胡双启主编.-北京:北京理工大学出版社,2015.5
    218页:表;26cm
    
    
    ISBN 978-7-5682-0553-5:CNY39.00
    本书从安全技术角度出发,系统地介绍了各类燃爆危险性物质燃烧和爆炸的基本理论。主要内容包括:可燃性混合气体、分解爆炸性气体、液化气体的燃烧与爆炸,可燃液体和固体的燃烧,可燃粉尘的燃烧与爆炸,爆炸性物质的燃烧与爆炸,自燃性物质的热自燃与热爆炸,忌水性物质和混合危险性物质的燃烧与爆炸等。同时,还就有关火灾和爆炸的安全防范技术做了较为详尽的介绍。
●
相关链接 在E读中查询图书 在五车中查询图书 在当当中查询图书 在豆瓣中查询图书


正题名:燃烧与爆炸     索取号:O643.2/71         预约/预借

序号 登录号 条形码 馆藏地/架位号 状态 备注
1 1021683   210216835   第二样本阅览室/ [索取号:O643.2/71] 在馆    
2 1021684   210216844   第三借阅区/ [索取号:O643.2/71] 在馆    
3 1021685   210216853   密集书库-化学系/ [索取号:O643.2/71] 在馆    
4 1021686   210216862   第三借阅区/ [索取号:O643.2/71] 在馆    
5 1021687   210216871   第三借阅区/ [索取号:O643.2/71] 在馆    
唐山师范学院图书馆 欢迎您!
大连网信软件有限公司© 版权所有